|
|
|
|
| LEADER |
00000nam0a2200000 4500 |
| 001 |
300834 |
| 005 |
20231102001336.0 |
| 020 |
|
|
|a RU
|b 82-57290
|
| 035 |
|
|
|a (RuTPU)RU\TPU\book\325987
|
| 090 |
|
|
|a 300834
|
| 100 |
|
|
|a 20150717d1982 km y0rusy5003 ca
|
| 101 |
0 |
|
|a rus
|
| 102 |
|
|
|a RU
|
| 105 |
|
|
|a a z 001zy
|
| 200 |
1 |
|
|a Режущий инструмент для приборостроения
|f И. А. Соколовский
|
| 205 |
|
|
|a 3-е изд., перераб. и доп.
|
| 210 |
|
|
|a Москва
|c Машиностроение
|d 1982
|
| 215 |
|
|
|a 208 с.
|c ил.
|d 22 см.
|
| 320 |
|
|
|a Библиогр.: с. 207-208
|
| 606 |
1 |
|
|a Режущие инструменты
|2 stltpush
|3 (RuTPU)RU\TPU\subj\72754
|9 86158
|
| 606 |
1 |
|
|a Режущие инструменты, мелкоразмерные
|x Приборостроение
|2 stltpush
|3 (RuTPU)RU\TPU\subj\24467
|9 48811
|
| 610 |
1 |
|
|a инструментальные материалы
|
| 610 |
1 |
|
|a сверла
|
| 610 |
1 |
|
|a развертки
|
| 610 |
1 |
|
|a метчики
|
| 610 |
1 |
|
|a фрезы
|
| 675 |
|
|
|a 621.9.02
|z rus
|v 4
|
| 675 |
|
|
|a 681.2.002:658.56
|z rus
|v 4
|
| 700 |
|
1 |
|a Соколовский
|b И. А.
|g Иван Афанасьевич
|4 070
|
| 801 |
|
0 |
|a RU
|b RuMRKP
|c 19950704
|g psbo
|
| 801 |
|
1 |
|a RU
|b 63413507
|c 20150717
|
| 801 |
|
2 |
|a RU
|b 63413507
|c 20211229
|g RCR
|
| 942 |
|
|
|c BK
|